Nový epochální výlet pana Broučka tentokrát do 15. století : [určeno] pro 7. roč. všeobec. vzdělávacích škol / Svatopluk Čech ; k vydání připravil a vysvětlivkami opatřil Antonín Procházka ; doslov Josef Brambora ; kresby od Rudolfa Švába
Record details
- Physical Description: 205, [3] s. ; 8°
- Edition: 4., nezm. vyd. (v SPN)
- Publisher: Praha : SPN, 1960
Content descriptions
| General Note: | Frontispice 30000 výt. |
Search for related items by series
Available copies
- 1 of 1 copy available at Common Catalog SPOK.
Holds
- 0 current holds with 1 total copy.
Show Only Available Copies
| Location | Call Number / Copy Notes | Barcode | Shelving Location | Status | Due Date |
|---|---|---|---|---|---|
| KDS Library | 810 ČeS | 204576800186 | Library | Available | - |
| LDR | 01153nam a22002771 4500 | ||
|---|---|---|---|
| 001 | 19878 | ||
| 003 | CZ-PrJAB | ||
| 005 | 20150702054223.0 | ||
| 008 | 981201s1960 xr cze | ||
| 015 | . | ‡acnb000730703 | |
| 035 | . | ‡a(CZ PrNK)bk196004942 | |
| 035 | . | ‡a(OCoLC)85706638 | |
| 040 | . | ‡aABA001 ‡bcze ‡cHKA001 ‡dABA001 | |
| 080 | . | ‡a885-313.1-7 ‡2undef | |
| 100 | 1 | . | ‡aČech, Svatopluk, ‡d1846-1908 ‡7jk01021137 ‡4aut |
| 240 | 1 | 0. | ‡aNový epochální výlet pana Broučka, tentokrát do patnáctého století |
| 245 | 1 | 0. | ‡aNový epochální výlet pana Broučka tentokrát do 15. století : ‡b[určeno] pro 7. roč. všeobec. vzdělávacích škol / ‡cSvatopluk Čech ; k vydání připravil a vysvětlivkami opatřil Antonín Procházka ; doslov Josef Brambora ; kresby od Rudolfa Švába |
| 250 | . | ‡a4., nezm. vyd. (v SPN) | |
| 260 | . | ‡aPraha : ‡bSPN, ‡c1960 ‡e(Čes. Těšín : ‡fTisk 3) | |
| 300 | . | ‡a205, [3] s. ; ‡c8° | |
| 490 | 1 | . | ‡aMimočítanková četba |
| 500 | . | ‡aFrontispice | |
| 500 | . | ‡a30000 výt. | |
| 830 | 0. | ‡aMimočítanková četba (Státní pedagogické nakladatelství) | |
| 910 | . | ‡aABE463 | |
| 964 | . | ‡aHusitství - měšťáci ve stol. 19. - satiry | |
| 998 | . | ‡a000730703 | |
| 901 | . | ‡a19878 ‡b ‡c19878 ‡tbiblio | |